000 00420nam a2200145 i 4500
001 62646
003 ES-MaACL
007 t|
008 031124s1945 sp ||||1| spa d
100 1 _aFernández Casado, Emilio.
_949559
245 1 0 _aCálculos de antenas /
_cpor Emilio F. Casado.
260 _aMadrid :
_bMediterráneo,
_c[1945]
300 _a175 p., 2 lám. :
_bil. ;
_c21 cm.
852 _aES-MaACL
_jE-1848
_bR.22805
999 _c62646
_d62646